|
|
|
|
| LEADER |
02500nam a22005055i 4500 |
| 001 |
978-3-540-49604-5 |
| 003 |
DE-He213 |
| 005 |
20151204145547.0 |
| 007 |
cr nn 008mamaa |
| 008 |
100301s2007 gw | s |||| 0|eng d |
| 020 |
|
|
|a 9783540496045
|9 978-3-540-49604-5
|
| 024 |
7 |
|
|a 10.1007/978-3-540-49604-5
|2 doi
|
| 040 |
|
|
|d GrThAP
|
| 050 |
|
4 |
|a QD146-197
|
| 072 |
|
7 |
|a PNK
|2 bicssc
|
| 072 |
|
7 |
|a SCI013030
|2 bisacsh
|
| 082 |
0 |
4 |
|a 546
|2 23
|
| 245 |
1 |
0 |
|a Ferro- and Antiferroelectricity
|h [electronic resource] :
|b Order/Disorder versus Displacive /
|c edited by Naresh S. Dalal, Annette Bussmann-Holder.
|
| 246 |
3 |
|
|a With contributions by numerous experts
|
| 264 |
|
1 |
|a Berlin, Heidelberg :
|b Springer Berlin Heidelberg,
|c 2007.
|
| 300 |
|
|
|a XIV, 220 p.
|b online resource.
|
| 336 |
|
|
|a text
|b txt
|2 rdacontent
|
| 337 |
|
|
|a computer
|b c
|2 rdamedia
|
| 338 |
|
|
|a online resource
|b cr
|2 rdacarrier
|
| 347 |
|
|
|a text file
|b PDF
|2 rda
|
| 490 |
1 |
|
|a Structure and Bonding,
|x 0081-5993 ;
|v 124
|
| 505 |
0 |
|
|a Order/Disorder Versus or with Displacive Dynamics in Ferroelectric Systems -- Experimental Evidence for the Coexistence of Order/Disorder and Displacive Behavior of Hydrogen-Bonded Ferroelectrics and Antiferroelectrics -- Order and Disorder in Perovskites and Relaxor Ferroelectrics -- Local Structure and Dynamics of Ferroelectric Solids -- Ferroelectricity of SrTiO3 Induced by Oxygen Isotope Exchange -- Evidence for Ferroelectric Nucleation Centres in the Pseudo-spin Glass System Rb1?x (ND4) x D2PO4: A 87Rb NMR Study -- Anharmonic and Quantum Effects in KDP-Type Ferroelectrics: Modified Strong Dipole–Proton Coupling Model -- A Comparison of Magnetic Random Access Memories (MRAMs) and Ferroelectric Random Access Memories (FRAMs).
|
| 650 |
|
0 |
|a Chemistry.
|
| 650 |
|
0 |
|a Inorganic chemistry.
|
| 650 |
|
0 |
|a Electrochemistry.
|
| 650 |
|
0 |
|a Optical materials.
|
| 650 |
|
0 |
|a Electronic materials.
|
| 650 |
1 |
4 |
|a Chemistry.
|
| 650 |
2 |
4 |
|a Inorganic Chemistry.
|
| 650 |
2 |
4 |
|a Electrochemistry.
|
| 650 |
2 |
4 |
|a Optical and Electronic Materials.
|
| 700 |
1 |
|
|a Dalal, Naresh S.
|e editor.
|
| 700 |
1 |
|
|a Bussmann-Holder, Annette.
|e editor.
|
| 710 |
2 |
|
|a SpringerLink (Online service)
|
| 773 |
0 |
|
|t Springer eBooks
|
| 776 |
0 |
8 |
|i Printed edition:
|z 9783540496021
|
| 830 |
|
0 |
|a Structure and Bonding,
|x 0081-5993 ;
|v 124
|
| 856 |
4 |
0 |
|u http://dx.doi.org/10.1007/978-3-540-49604-5
|z Full Text via HEAL-Link
|
| 912 |
|
|
|a ZDB-2-CMS
|
| 950 |
|
|
|a Chemistry and Materials Science (Springer-11644)
|